How Many -Stan Countries Can You Name In 15 Seconds - Statistics

General Stats
  • This quiz has been taken 321 times
  • The average score is 4 of 7
Answer Stats
Countries % Correct
Pakistan
73%
Afghanistan
64%
Uzbekistan
63%
Turkmenistan
54%
Kazakhstan
51%
Tajikistan
51%
Kyrgyzstan
37%
No matching quizzes found
Score Distribution
Percent of People with Each Score
Percentile by Number Answered
Your Score History
You have not taken this quiz